00334nam a22000857a 4500082001600000245013800016260006400154300002100218563000900239 a636.08bAGR aAgricultural Services and the Poor:bcase of livestock health and breeding services in India /cEdited Indian Institute of Management aAhmedabad :bIndian Institute of Management Science,c2000. a146 p. ;c23 cm. aPBK.